All Battles of the American Revolution - Statistics

General Stats
  • This quiz has been taken 38 times
  • The average score is 17 of 244
Answer Stats
Year Battle % Correct
1775 Battles of Lexington and Concord
85%
1781 Battle of Yorktown
82%
1775 Battle of Bunker Hill
79%
1777 2nd Battle of Saratoga
71%
1775-1776 Siege of Boston
71%
1777 2nd Battle of Trenton
65%
1776 Battle of Trenton
65%
1775 New York Armory Raid
62%
1780 Battle of Van Creek
44%
1780 Siege of Charleston
44%
1781 Battle of Cowpens
38%
1775 Battle of Quebec
38%
1775 Capture of Fort Ticonderoga
38%
1777 Siege of Fort Ticonderoga
38%
1777 Battle of Fort Ann
35%
1776 Battle of Fort Washington
35%
1778 Battle of Monmouth
35%
1777 Battle of Princeton
32%
1777 Battle of Bound Brook
29%
1777 Battle of Brandywine
29%
1776 Battle of Long Island
29%
1782 Raid on Chester
26%
1780 Battle of Camden
24%
1780 Battle of Kings Mountain
24%
1778 Capture of Savannah
24%
1779 Siege of Savannah
24%
1778 Attack on German Flatts
18%
1782 Battle of Delaware Bay
18%
1776 Battle of Harlem Heights
18%
1781 Battle of the Chesapeake
18%
1782 Battle of the Delaware Capes
18%
1777 Battle of White Marsh
18%
1776 Battle of White Plains
18%
1779 Chesapeake raid
18%
1777 Battle of Germantown
15%
1777 Battle of Staten Island
15%
1774 Storming of Fort William and Mary
15%
1781 Battle of Green Spring
12%
1777 Battle of Red Bank
12%
1782 Grand Assault on Gibraltar
12%
1779-1783 Great Siege of Gibraltar
12%
1781 Battle of Groton Heights
9%
1778 Battle of Newport
9%
1782 Battle of Saint Kitts
9%
1774 Powder Alarm
9%
1781 Siege of Augusta
9%
1777 Siege of Fort Stanwix
9%
1779 Siege of Fort Vincennes
9%
1779 Battle of Baton Rouge
6%
1777 Battle of Bennington
6%
1780 Battle of Fort St. George
6%
1775 | 1777 Battle of Gloucester
6%
1781 Battle of Guilford Court House
6%
1781 Battle of Haw River
6%
1782 Battle of James Island
6%
1781 Battle of Jersey
6%
1777 Battle of Paoli
6%
1780 Battle of Springfield
6%
1776 Burning of Norfolk
6%
1782 Capture of the Bahamas
6%
1775 Gunpowder Incident
6%
1783 Recapture of the Bahamas
6%
1777 1st Siege of Fort Henry
3%
1777 2nd Battle of Machias
3%
1783 Battle of Arkansas Post
3%
1777 Battle of Barbados
3%
1782 Battle of Blue Licks
3%
1780 Battle of Bull's Ferry
3%
1781 Battle of Cape Henry
3%
1780 Battle of Cape St. Vincent
3%
1782 Battle of Cedar Bridge
3%
1780 Battle of Charlotte
3%
1775 Battle of Chelsea Creek
3%
1779 Battle of Chillicothe
3%
1780 Battle of Connecticut Farms
3%
1777 Battle of Cooch's Bridge
3%
1781 Battle of Elizabethtown
3%
1781 Battle of Eutaw Springs
3%
1780 Battle of Fort Charlotte
3%
1776 Battle of Fort Cumberland
3%
1776 Battle of Fort Lee
3%
1777 Battle of Forts Clinton and Montgomery
3%
1777 Battle of Freeman's Farm
3%
1775 Battle of Great Bridge
3%
1775 Battle of Machias
3%
1775 Battle of Meriam's Corner
3%
1779 Battle of Minisink
3%
1781 Battle of Mobile
3%
1779 Battle of Newtown
3%
1777 Battle of Oriskany
3%
1781 Battle of Pine's Bridge
3%
1777 Battle of Ridgefield
3%
1780 Battle of St. Louis
3%
1779 Battle of Stony Point
3%
1776 Battle of Sullivan's Island
3%
1777 Battle of the Clouds
3%
1776 Battle of the Rice Boats
3%
1776 Battle of Trois-Rivières
3%
1776 Battle of Valcour Island
3%
1780 Battle of Waxhaws
3%
1778 Baylor Massacre
3%
1779 Capture of Saint Vincent
3%
1782 Hudson Bay Expedition
3%
1778 Invasion of Dominica
3%
1781-1782 Invasion of Minorca
3%
1781 Invasion of Tobago
3%
1776 Landing at Kip's Bay
3%
1782 Naval battle off Halifax
3%
1776 Raid of Nassau
3%
1775 Raid on the Battery
3%
1782 Siege of Fort Henry
3%
1775 Siege of Fort St. Jean
3%
1781 Siege of Ninety-Six
3%
1781 Siege of Pensacola
3%
1779 1st Battle of Martinique
0%
1778 1st Battle of Ushant
0%
1780 2nd Battle of Martinique
0%
1781 2nd Battle of Ushant
0%
1778 Affair at Little Egg Harbor
0%
1776 Ambush of Geary
0%
1778 Battle of Alligator Bridge
0%
1778 Battle of Barren Hill
0%
1781 Battle of Beattie's Mill
0%
1779 Battle of Beaufort
0%
1780 Battle of Black Mingo
0%
1780 Battle of Blackstock's Farm
0%
1781 Battle of Blandford
0%
1776 Battle of Block Island
0%
1779 Battle of Brier Creek
0%
1778 Battle of Chestnut Neck
0%
1778 Battle of Cobleskill
0%
1780 Battle of Colson's Mill
0%
1781 Battle of Cowan's Ford
0%
1776 Battle of Coweecho River
0%
1781 Battle of Cox's Mill
0%
1778 Battle of Crooked Billet
0%
1781 Battle of Dogger Bank
0%
1778 Battle of Edgar's Lane
0%
1780 Battle of Fishdam Ford
0%
1780 Battle of Fishing Creek
0%
1779 Battle of Flamborough Head
0%
1781 Battle of Fort Motte
0%
1781 Battle of Fort Royal
0%
1781 Battle of Fort Slongo
0%
1780 Battle of Graham's Fort
0%
1775 Battle of Great Cane Break
0%
1779 Battle of Grenada
0%
1776 Battle of Gwynn's Island
0%
1780 Battle of Hammond's Store
0%
1780 Battle of Hanging Rock
0%
1781 Battle of Harts Mill
0%
1781 Battle of Hobkirk's Hill
0%
1777 Battle of Hubbardton
0%
1776 Battle of Iron Works Hill
0%
1781 Battle of Johnstown
0%
1775 Battle of Kemp's Landing
0%
1779 Battle of Kettle Creek
0%
1780 Battle of Klock's Field
0%
1779 Battle of Lake Pontchartrain
0%
1780 Battle of Lenud's Ferry
0%
1776 Battle of Lindley's Fort
0%
1781 Battle of Lindley's Mill
0%
1782 Battle of Little Mountain
0%
1775 Battle of Longue-Pointe
0%
1776 Battle of Mamaroneck
0%
1777 Battle of Matson's Ford
0%
1776 Battle of McDowell's Station
0%
1780 Battle of McIntyre Farm
0%
1777 Battle of Millstone
0%
1780 Battle of Mobley's Meeting House
0%
1780 Battle of Monck's Corner
0%
1776 Battle of Moore's Creek Bridge
0%
1780 Battle of Musgrove Mill
0%
1779 Battle of Paulus Hook
0%
1780 Battle of Pekowee
0%
1781 Battle of Portevent's Mill
0%
1781 Battle of Porto Praya
0%
1777 Battle of Punk Hill
0%
1778 Battle of Quinton's Bridge
0%
1781 Battle of Raft Swamp
0%
1780 Battle of Ramsour's Mill
0%
1782 Battle of Roatán
0%
1780 Battle of Rocky Mount
0%
1776 Battle of Round Mountain
0%
1776 Battle of Saint-Pierre
0%
1779 Battle of San Fernando de Omoa
0%
1777 Battle of Setauket
0%
1780 Battle of Shallow Ford
0%
1777 Battle of Short Hills
0%
1781 Battle of Spencer's Ordinary
0%
1779 Battle of Stono Ferry
0%
1781 Battle of Summerfield
0%
1780 Battle of Tearcoat Swamp
0%
1782 Battle of the Black River
0%
1776 Battle of The Cedars
0%
1782 Battle of the Combahee River
0%
1777 Battle of the Flockey
0%
1782 Battle of the Mona Passage
0%
1782 Battle of the Saintes
0%
1777 Battle of Thomas Creek
0%
1776 Battle of Turtle Gut Inlet
0%
1782 Battle of Videau's Bridge
0%
1780 Battle of Wahab's Plantation
0%
1782 Battle of Wambaw
0%
1781 Battle of Wetzell's Mill
0%
1778 Battle of Wyoming
0%
1780 Battle of Young's House
0%
1780 Bird's invasion of Kentucky
0%
1779 Boyd and Parker ambush
0%
1775 Burning of Falmouth
0%
1782 Capture of Demerara and Essequibo
0%
1779 Capture of Fort Bute
0%
1779 Capture of Grenada
0%
1782 Capture of Montserrat
0%
1781 Capture of Sint Eustatius
0%
1778 Capture of St. Lucia
0%
1775 Capture of Turtle Bay Depot
0%
1778 Carleton's Raid
0%
1778 Cherry Valley Massacre
0%
1782 Crawford expedition
0%
1777 Forage War
0%
1781 Francisco's Fight
0%
1778 Grey's raid
0%
1780 Huck's Defeat
0%
1780 La Balme's Defeat
0%
1781 Lochry's Defeat
0%
1781 Long Run Massacre
0%
1777 Meigs Raid
0%
1778 Mount Hope Bay raids
0%
1781 Naval battle of Louisbourg
0%
1778 North Channel Naval Duel
0%
1779 Penobscot Expedition
0%
1782 Raid on Lunenburg
0%
1780 Royalton Raid
0%
1780 San Juan Expedition
0%
1778 Siege of Boonesborough
0%
1782 Siege of Brimstone Hill
0%
1782 Siege of Bryan Station
0%
1777 Siege of Fort Mifflin
0%
1781 Siege of Fort Watson
0%
1775 Siege of Savage's Old Fields
0%
1775 Snow Campaign
0%
1779 Tryon's raid
0%
No matching quizzes found
Score Distribution
Percent of People with Each Score
Percentile by Number Answered
Your Score History
You have not taken this quiz